Statistics for Open World Video Games

Click here to take the quiz!

General Stats

  • This quiz has been taken 30 times
  • The average score is 10 of 16

Answer Stats

Answer% Correct
Grand Theft Auto V
92%
Red Dead Redemption II
88%
Grand Theft Auto III
85%
The Elder Scrolls V: Skyrim
85%
Grand Theft Auto: San Andreas
77%
Grand Theft Auto: Vice City
77%
Grand Theft Auto 4
69%
The Witcher III: Wild Hunt
69%
Fallout: New Vegas
65%
Saints Row: The Third
62%
Watch Dogs
62%
Cyberpunk 2077
54%
Elden Ring
54%
L.A. Noire
50%
Mafia
31%
Kingdom Come: Deliverance
23%

Score Distribution

Percentile by Number Answered

Percent of People with Each Score

Your Score History

You have not taken this quiz